00910nam a2200253Ia 4500003000400000005001700004008004100021020001800062040001800080041000800098082002400106100003100130245010600161250001200267260003500279300002400314650004700338650003600385650004200421700003400463942002800497999001900525952011200544OSt20230805103147.0210716s1986 xx 000 0 und d a9781850913238 cAIMIT LIBRARY aeng a005.43769 21bLOEJ aLebbecke, James K.9129441 aMicrocomputers :bapplications to business problems /cBy James K Loebbecke and Miiklos A Vasarhelyi. a1st ed. aLondon :b KOgan Page ,c1986. axvi,310 p.;c22 cm. aWord processing and related users9129442 aElectronic spreadsheets9129443 aFinancial modelling softwarre9129444 aVasarhelyi, Miklos A.9129445 2ddccBKk005.43769 LOEJ c180912d180912 001040708MCAaAIMITbAIMITd2021-07-16l0o005.43769 LOEJpMCA00420r2025-07-21 00:00:00w2021-07-16yBK